Úvod do techniky světlovodů = Lichtleitertechnik /
Salvato in:
| Autore principale: | |
|---|---|
| Natura: | Libro |
| Lingua: | ceco |
| Pubblicazione: |
Praha :
SNTL,
1984
|
| Edizione: | 1.vyd. |
| Serie: | Populární kybernetika
|
| Tags: |
Nessun Tag, puoi essere il primo ad aggiungerne!!
|
MARC
| LEADER | 00000nam a22000003a 4500 | ||
|---|---|---|---|
| 001 | stu2933 | ||
| 005 | 20150617225616.2 | ||
| 008 | 930122s1984----cs------------------cze-d | ||
| 040 | |a STU |b slo | ||
| 041 | 0 | |a cze | |
| 044 | |a cs | ||
| 080 | |a 621.391.63 | ||
| 080 | |a 621.383.049 | ||
| 100 | 1 | |a Glaser, Wolfgang |4 aut | |
| 245 | 1 | |a Úvod do techniky světlovodů = Lichtleitertechnik / |c [aut.] Glaser,Wolfgang | |
| 250 | |a 1.vyd. | ||
| 260 | |a Praha : |b SNTL, |c 1984 | ||
| 300 | |a 166 s | ||
| 830 | 0 | |a Populární kybernetika | |
| 996 | |b 284M040319 |c M*13-1 |l MMKN |s A |a 24 |w stu2933_0001 | ||
| 996 | |c I*2C3040 |l I |s A |a 24 |w stu2933_0002 | ||
| 996 | |b E66218 |c E*66218 |l EE05 |s P |a 0 |w stu2933_0003 | ||
| 996 | |b E67394 |c E*67394 |l EE05 |s P |a 0 |w stu2933_0004 | ||